000 00437nam a2200181Ia 4500
001 20268
005 20260306172753.0
008 260306t2014||||xx |||||||||||||| ||spa||
041 _aESP
082 _a343.1
_bF38
100 _aFerrajoli, Luigi
_eAUT
245 0 _aUn debate sobre principios constitucionales
260 _c2014
300 _a355 páginas :
_c20 cm.
650 _aGEN
654 _aCDE
942 _cLIB
_dJUS
_fJUS
_2ddc
_n
999 _c20268
_d20268